Kinh nghiệm Xây dựng đội ngũ cán bộ ở Trung Quốc Sách tham Khảo
Uloženo v:
| Hlavní autor: | |
|---|---|
| Další autoři: | , |
| Médium: | Kniha |
| Jazyk: | Vietnamese |
| Vydáno: |
Hà Nội
Chính trị Quốc gia
2009
|
| Témata: | |
| Tagy: |
Přidat tag
Žádné tagy, Buďte první, kdo otaguje tento záznam!
|
| Thư viện lưu trữ: | Trung tâm Học liệu Lê Vũ Hùng, Trường Đại học Đồng Tháp |
|---|
| LEADER | 00899pam a22002658a 4500 | ||
|---|---|---|---|
| 001 | 00041114 | ||
| 005 | 20180322140352.0 | ||
| 008 | 170505s1999 ||||||viesd | ||
| 020 | # | # | |c 47000 |
| 041 | 0 | # | |a vie |
| 082 | 1 | 4 | |a 352.609 51 |b K312NGH |
| 100 | 1 | # | |a Trịnh, Cư |
| 245 | 0 | 0 | |a Kinh nghiệm Xây dựng đội ngũ cán bộ ở Trung Quốc |b Sách tham Khảo |c Trịnh Cư; Nguyễn Duy Hùng; Lê Văn Yên |
| 260 | # | # | |a Hà Nội |b Chính trị Quốc gia |c 2009 |
| 300 | # | # | |a 356tr. |c 21 cm. |
| 653 | # | # | |a Cán bộ |
| 653 | # | # | |a Đào tạo |
| 653 | # | # | |a Trung Quốc |
| 653 | # | # | |a Nhà Nước |
| 653 | # | # | |a Kinh nghiệm |
| 700 | 1 | # | |a Nguyễn, Duy Hùng |
| 700 | 1 | # | |a Lê, Văn Yên |
| 852 | # | # | |j KD.0022824 |j KM.0025877 |
| 910 | |d 22/03/2018 | ||
| 980 | # | # | |a Trung tâm Học liệu Lê Vũ Hùng, Trường Đại học Đồng Tháp |